| 000 | 00950nam a2200229Ia 4500 | ||
|---|---|---|---|
| 999 |
_c40992 _d40992 |
||
| 001 | 7640 | ||
| 003 | GE_BSU | ||
| 005 | 20240109111634.0 | ||
| 008 | 181216s1971||||ge |||||||||||||| ||geo|| | ||
| 040 | _cGE_BSU | ||
| 041 | _ageo | ||
| 080 | _a821.353.1-32 დ–79 | ||
| 100 |
_aდოჩანაშვილი, გურამ _918694 |
||
| 245 |
_aმხიარული ბორცვი : _bმოთხრობები / _cგურამ დოჩანაშვილი ; რედ. გ. ლაბაძე ; მხატვ. ვ რურუა. |
||
| 264 |
_aთბილისი : _bნაკადული, _c1971 |
||
| 300 |
_a117 გვ. ; _c19 სმ. |
||
| 653 | _aმოთხრობები | ||
| 653 | _aმხიარული ბორცვი | ||
| 700 |
_aლაბაძე, გ. _eრედაქტორი _920968 |
||
| 700 |
_aრურუა, ვ. _eმხატვარი _920961 |
||
| 942 |
_cBK _2udc |
||